000 00960nam a2200289Ia 4500
003 OSt
005 20220912145029.0
006 a|||||r|||| 00| 0
007 ta
008 220909b |||||||| |||| 00| 0 eng d
020 _a9783540744955 (pbk)
024 _a81944
037 _b2669, 13/08/2008, Unilib Book Distributors
037 _cTextual
040 _aCSL
_beng
_cCSL
041 _aeng
082 _aB28, P8 TB
100 _aKeller Alexander Ed.
245 0 _aMonte Carlo and quasi-monte carlo method 2006
260 _aBerlin
_bSpringer
_c2008
300 _ax, 698p.
_ccm.
500 _aIncludes bibliographical references.; Appendix 686-696p.; Index 697-698p.
700 _a Heinrich Stefan Ed.
700 _a Niedrreiter Harald Ed.
942 _hB28, P8 TB
_cTEXL
_2CC
999 _c21288
_d21288